| 000 | 00979nas a2200313 4500 | ||
|---|---|---|---|
| 001 | BR2014000678 | ||
| 003 | BR-BrBNA | ||
| 005 | 20231205123657.0 | ||
| 007 | ta | ||
| 008 | 230509b bl.|||p| |||| 00| 00por d | ||
| 040 |
_aBR-BrBNA _bpor _cBiblioteca Nacional de Agricultura |
||
| 041 | _a(Pt) | ||
| 072 | _aP10; P40 | ||
| 100 | 1 | _aRodriguez, R. del G. | |
| 100 | 1 | _aPruski, F.F. | |
| 100 | 1 | _aNovaes, L.F. de | |
| 100 | 1 | _aRamos, M.M. | |
| 100 | 1 | _aSilva, D.D. da | |
| 100 | 1 | _aTeixeira, A. de F. | |
| 245 | 1 | _aEstimativa da demanda de água nas áreas irrigadas da bacia do rio Paracatu | |
| 650 | _aRECURSO HÍDRICO | ||
| 650 | _aEVAPOTRANSPIRAÇÃO | ||
| 650 | _aPRECIPITAÇÃO PLUVIAL | ||
| 650 | _aIRRIGAÇÃO | ||
| 773 | 0 |
_tEngenharia Agrícola (Brazil) _xISSN 0100-6916 _g(Jan-Apr 2007), v. 27(1) p. 172-179 _wBR2014000678 |
|
| 856 | 4 | 0 | _uhttp://www.scielo.br/pdf/eagri/v27n1/11.pdf |
| 909 |
_a202311 _bLúcia _c55 _dLúcia Elande |
||
| 942 |
_2AGRIS _n0 _cANA |
||
| 999 |
_c235127 _d235127 |
||